000 00554nam a22002177a 4500
003 UA-OsUOA
001 68695
007 ta
008 20100514b un ||||| |||| 00| 0 ukr d
100 _aЦимбалюк Є.
090 _a908
_bЦ61
942 _cSA
040 _aUA-OsUOA
_bukr
_cUA-OsUOA
_dUA-OsUOA
245 _aГоловний сейф Еріха Коха
300 _aС.11
955 _a0
041 _aukr
080 _a908
773 0 _w68694
_tВільне слово
_dРівне
_d2010
_g36
650 7 _a908 Краєзнавство
_2UDC
999 _c354954
_d354954